| 000 | 00932nam a22002537a 4500 | ||
|---|---|---|---|
| 005 | 20170124110034.0 | ||
| 010 | _aB-160035 | ||
| 020 |
_c230.00 _a8187877162 |
||
| 035 | _aB-160035 | ||
| 037 | _bCen Lib/Ret | ||
| 040 |
_aDPL _bEN |
||
| 082 |
_a581.63403 _bENC |
||
| 245 |
_aEncyclopedia of herbs, condiments and spices : _cedited by S.K. Bhatia; compiled by Geeta Bhatia, Komal Bhatia [and] Urvashi Sharma _bfor cooks, gardners and healthy eatrs / |
||
| 260 |
_aNew Delhi _bGita Enterprises _c2005 |
||
| 270 |
_bNew Delhi _a3026/7H, ranjit nagar _e110008 |
||
| 300 |
_ax, 199p. _c21cm(Hb) |
||
| 500 | _aIncludes bibliographical references and index | ||
| 650 |
_aHerbs, Condiments and Spices _vEncyclopedia _922273 |
||
| 700 |
_aBhatia, S.K. _911132 |
||
| 700 |
_aBhatia, Geeta _922274 |
||
| 700 |
_aBhatia, Komal _922275 |
||
| 700 |
_aSharma, Urwashi _922276 |
||
| 942 |
_2ddc _cEN _h581.63403 _mENC |
||
| 999 |
_c128055 _d128055 |
||